Top 30 players with the most assists in Premier League history - Statistics

General Stats
  • This quiz has been taken 302 times
  • The average score is 15 of 31
Answer Stats
Hint Hint Answer % Correct
Wales 162 Ryan Giggs
95%
England 102 Frank Lampard
92%
England 92 Steven Gerrard
92%
Ivory Coast 54 Didier Drogba
83%
England 55 Paul Scholes
83%
England 101 Wayne Rooney
83%
France 74 Thierry Henry
77%
Spain 101 Cesc Fabregas
75%
Netherlands 94 Dennis Bergkamp
75%
Netherlands 53 Robin Van Persie
74%
England 80 David Beckham
71%
Spain 61 David Silva
70%
England 73 Andrew Cole
63%
England 64 Alan Shearer
58%
England 76 Teddy Sheringham
39%
England 75 James Milner
37%
England 63 Gareth Barry
35%
France 56 Eric Cantona
34%
England 55 Peter Crouch
34%
Ireland 55 Damien Duff
28%
Peru 62 Nolberto Solano
26%
England 53 Emile Heskey
24%
Netherlands 58 Jimmy Floyd Hasselbaink
23%
England 62 Ashley Young
22%
England 64 Matthew Le Tissier
20%
England 59 Steve McManaman
12%
England 58 Stewart Downing
12%
England 68 Darren Anderton
10%
England 55 Danny Murphy
7%
England 55 Kevin Davies
6%
France 55 Steed Malbranque
2%
No matching quizzes found
Score Distribution
Percent of People with Each Score
Percentile by Number Answered
Your Score History
You have not taken this quiz